000 00317nam a2200157Ia 4500
100 _aRittinghouse/John W
650 _aCloud computing
942 _cBK
366 _f20
245 _aCloud computing implementation
260 _bCRC
_c2010
082 _bRIT
300 _a301
546 _aENGLISH
999 _c28574
_d28574